Les pays d'Asie-Mort subite - Statistiques

Statistiques générales
  • Ce quiz a été pris 584 fois
  • Le résultat moyen est 13 sur 15
Answers on the Grid
Answers color-coded by a green-red scale on the quiz's grid according to % correct below.
Chine
Kirighizistan
Serbie
Suisse
Mongolie
Micronésie
Arabie Saoudite
Irak
France
Japon
Laos
Thailande
Honduras
Suriname
Indonesie
Angola
Viet Nam
Turquie
Canada
Pays Bas
Brésil
Slovénie
Finlande
Inde
Népal
Birmanie
Namibie
Kazakhstan
Nicaragua
Australie
 
Statistiques - réponses
Réponse % Correct
Chine
91%
Inde
91%
Indonesie
91%
Thailande
91%
Viet Nam
91%
Japon
90%
Kazakhstan
90%
Népal
90%
Laos
89%
Mongolie
89%
Kirighizistan
87%
Birmanie
86%
Irak
85%
Arabie Saoudite
83%
Turquie
80%
Aucun quiz correspondant
Distribution des résultats
% des personnes avec chaque résultat
Percentile par nombre de réponses
Votre historique - résultats
Vous n’avez pas pris ce quiz